Коммерциализация вузовских инноваций: актуальные проблемы и эффективные решения: монография

Detalhes bibliográficos
Autor principal: Лавриненко Я. Б. Ярослав Борисович
Resumo:В монографии освещаются вопросы вузовских инноваций, причины низкой инновационной активности университетов, возможности активизации инновационной деятельности через рост востребованности вузовских инноваций, повышение их уровня адаптации и эффективности коммерциализации.
Idioma:russo
Publicado em: Москва, Русайнс, 2025
Assuntos:
Formato: Livro
KOHA link:https://koha.lib.tpu.ru/cgi-bin/koha/opac-detail.pl?biblionumber=679681

MARC

LEADER 00000nam0a2200000 4500
001 679681
005 20250430141753.0
010 |a 978-5-466-09065-9 
090 |a 679681 
100 |a 20250415d2025 k||y0rusy50 ca 
101 0 |a rus 
102 |a RU 
105 |a y z 001yy 
181 0 |a i   |b  e  
182 0 |a n 
183 0 |a nc  |2 RDAcarrier 
200 1 |a Коммерциализация вузовских инноваций: актуальные проблемы и эффективные решения  |e монография  |f Я. Б. Лавриненко 
203 |a Текст  |b визуальный  |c непосредственный 
210 |a Москва  |c Русайнс  |d 2025 
215 |a 180 с. 
283 |a volume  |2 RDAcarrier 
320 |a Список литературы: с. 167-178 
330 |a В монографии освещаются вопросы вузовских инноваций, причины низкой инновационной активности университетов, возможности активизации инновационной деятельности через рост востребованности вузовских инноваций, повышение их уровня адаптации и эффективности коммерциализации. 
606 1 |a Высшее образование  |x Инновации  |y Россия  |9 84710 
610 1 |a университеты 
610 1 |a вузовские инновации 
610 1 |a коммерциализация 
610 1 |a инновационная деятельность 
610 1 |a трансфер 
610 1 |a адаптация 
610 1 |a контроль 
610 1 |a мониторинг 
610 1 |a эффективность 
610 1 |a стратегические планирование 
610 1 |a себестоимость 
610 1 |a прибыль 
610 1 |a массовый выпуск 
610 1 |a монографии 
686 |2 rubbk  |a Ч484(2) 
700 1 |a Лавриненко  |b Я. Б.  |g Ярослав Борисович 
801 0 |a RU  |b 63413507  |c 20250415 
850 |a 63413507 
942 |c BK